Boj o euro, žonglování s modely
Kríza eurozóny a všeobecne neistá budúcnosť svetového hospodárstva púta pozornosť nielen ekonómov. Čo k nej môžu povedať prírodné vedy a matematické modelovanie. Otrasy na hromade piesku. Iracionalita v hlave. Systémy s automatickou stabilizáciou. Efektivita verzus stabilita. Pluralizmus mien.
Na minha lista:
| Autor principal: | |
|---|---|
| Formato: | Capítulo de Livro |
| Idioma: | tcheco |
| Assuntos: | |
| Tags: |
Sem tags, seja o primeiro a adicionar uma tag!
|
MARC
| LEADER | 00000naa a2200000 4500 | ||
|---|---|---|---|
| 001 | 0148746 | ||
| 005 | 20231211073320.0 | ||
| 041 | 0 | |a cze | |
| 044 | |a CZ | ||
| 245 | 1 | 0 | |a Boj o euro, žonglování s modely |c Pavel Houser |
| 520 | |a Kríza eurozóny a všeobecne neistá budúcnosť svetového hospodárstva púta pozornosť nielen ekonómov. Čo k nej môžu povedať prírodné vedy a matematické modelovanie. Otrasy na hromade piesku. Iracionalita v hlave. Systémy s automatickou stabilizáciou. Efektivita verzus stabilita. Pluralizmus mien. | ||
| 610 | 2 | 0 | |a eurozóna |
| 610 | 2 | 0 | |a kríza |
| 610 | 2 | 0 | |a teória chaosu |
| 610 | 2 | 0 | |a modelovanie matematické |
| 610 | 2 | 0 | |a efektívnosť |
| 610 | 2 | 0 | |a stabilita hospodárstva |
| 610 | 2 | 0 | |a mena |
| 610 | 2 | 0 | |a euro |
| 100 | 1 | |a Houser, Pavel | |